| 000 | 01731nam0a2200397 4500 | ||
|---|---|---|---|
| 001 | RU\NLR\bibl\1387104 | ||
| 005 | 20250615195410.0 | ||
| 010 |
_a978-5-9524-4220-7 _94000 |
||
| 021 |
_aRU _b2009-33248 _92003 |
||
| 035 | _a(nilc)RSL-KNO-004317807 | ||
| 035 | _a(NLR Aleph) 001379164 | ||
| 090 |
_a1090908 _c1090908 |
||
| 100 | _a20090416d2009 |||y0rusy50 ca | ||
| 101 | 1 |
_arus _cger |
|
| 102 | _aRU | ||
| 105 | _aa ||||||||| | ||
| 200 | 1 |
_aТрагедия на Неве _dTragödie an der Newa _eшокирующая правда о блокаде Ленинграда, 1941-1944 _fХассо Г. Стахов _zger _g[пер. с нем.: подполк. Ю. М. Лебедев] |
|
| 210 |
_aМосква _cЦентрполиграф _d2009 |
||
| 215 |
_a380, [2] с., [16] л. ил., карт. _d21 |
||
| 225 | 1 |
_aЗа линией фронта _iМемуары |
|
| 300 | _aАвт. также на нем. яз.: Hasso G. Stachow | ||
| 320 | _aБиблиогр.: с. 352-360 | ||
| 510 | 1 |
_6z48790 _aTragödie an der Newa _zger |
|
| 606 | 1 |
_aБлокада Ленинграда _jВоспоминания, записки и т.п _z1941 - 1944 _92077679 _3RU\NLR\auth\661253360 |
|
| 606 | 1 |
_aЛенинградская битва _jВоспоминания, записки и т.п _z1941 - 1944 _92551242 _3RU\NLR\auth\661509637 |
|
| 686 | 1 | _aЦ35(2)722.11(2Р-4Ле-2Ленинград),013 | |
| 686 | 1 | _aТ3(2)722.721,013 | |
| 700 | 1 |
_aСтахов _bХ. Г. _gХассо Г. _4070 |
|
| 790 | 1 |
_6z48510 _aStachow _bH. G. _gHasso G. _4070 |
|
| 801 | 0 |
_aRU _bРГБ _c20090416 _grcr |
|
| 801 | 1 |
_aRU _bРГБ _c20090416 |
|
| 801 | 2 |
_aRU _bNLR _c20090625 _grcr |
|
| 942 | _cBOOK | ||
| 980 | _aNB | ||